Statistics for Nations With the Lowest Birth Rates

Click here to take the quiz!

General Stats

  • This quiz has been taken 102 times
    (89 since last reset)
  • The average score is 13 of 18

Answer Stats

Birth RateCountry% Correct
Births per 1,000 people: 7.31Japan
88%
Births per 1,000 people: 9.18Italy
82%
Birth per 1,000 people: 1.15Vatican City
81%
Birth per 1,000 people: 6.94Monaco
77%
Births per 1,000 people: 8.30Germany
74%
Births per 1,000 people: 9.21Greece
74%
Births per 1,000 people: 8.55South Korea
74%
Births per 1,000 people: 9.02San Marino
73%
Births per 1,000 people: 8.85Slovenia
71%
Births per 1,000 people: 8.67Austria
68%
Births per 1,000 people: 9.19Serbia
68%
Births per 1,000 people: 9.53Switzerland
68%
Births per 1,000 people: 8.90Taiwan
67%
Births per 1,000 people: 8.89Bosnia and Herzegovina
65%
Births per 1,000 people: 8.50Singapore
64%
Births per 1,000 people: 9.32Bulgaria
63%
Births per 1,000 people: 8.70Czech Republic
62%
Births per 1,000 people: 9.29Lithuania
62%

Score Distribution

Percentile by Number Answered

Percent of People with Each Score

Your Score History

You have not taken this quiz since the last reset